000 01034nam a2200277Ia 4500
999 _c53635
_d53635
001 20682
003 GE_BSU
005 20221121112001.0
008 181216s||||||||xx |||||||||||||| ||eng||
020 _a9780323036054x
040 _cGE_BSU
041 _aeng
080 _a611(048.4) A-26
100 _aAbrahams, Peter H.
_910318
245 _aMcMinn's Clinical Atlas of Human Anatomy with DVD /
_cPeter H. Abrahams, Johannes Boon, Jonathan D. Spratt.
250 _asixth edition
264 _aLondon :
_bElsevier,
_c2008.
300 _a386 p. ;
_c28 cm.
653 _aMcMinn's Clinical Atlas of Human Anatomy with DVD
653 _aКлинический атлас человеческой анатомии Макминна
653 _aკლინიკური ატლასი ადამიანის ანატომია
653 _aმედიცინა
700 _aBoon, Johannes.
_cBy
_910319
_eავტორი
700 _aSpratt, Jonathan D.
_eავტორი
_910320
942 _cBK
_2udc